Sports Quiz

Random Sports or NBA Quiz

NBA teams by hint Quiz Stats

 Plays Quiz not verified by Sporcle

Challenge
Share
Tweet
Embed
Score 0/30 Timer 06:00
0 Plays Today
Hint Teams % Correct
irishmenBoston Celtics
84.8%
center of a target: _________ eyeChicago Bulls
82.9%
Jurassic ParkToranto Raptors
79.8%
Chicken Mc___________Denver Nuggets
79.2%
Merlin was oneWashington Wizards
76.1%
saxaphoneUtah Jazz
74.8%
before acesSacramento Kings
69.6%
boot accessorySan Antonio Spurs
69.6%
declerlation of independencePhiladelphia 76ers
66.1%
space capsuleHouston Rockets
66.1%
rays from the sunMiami Heat
65.5%
shear/scissorLos Angeles Clippers
60.6%
yogi was oneMemphis Grizzlies
59.3%
ole Saint __________ (minus the s)New York Knicks
58.4%
someone who fishes on waterLos Angeles Lakers
57.5%
Hint Teams % Correct
wood dogsMinnesota Timberwolves
57.1%
a pathfinderPortland TrailBlazers
56.8%
meshed fabricNew Jersey Nets
55.9%
witchOrlando Magic
54.7%
knight or horsemanCleveland Cavaliers
51.2%
people who take their timeIndiana Pacers
49.7%
heliosPhoenix Suns
45.7%
trusty steedDallas Mavericks
43.5%
unseen but scaryOklahoma City Thunder
41%
deadliest __________________Golden State Warriors
41%
act of much urinationDetroit Pistons
39.8%
tonyAtlanta Hawks
37%
bNew Orleans Hornets
35.4%
bull dozer companyCharlotte Bobcats
34.5%
doughMilwalkee Bucks
30.7%

You're not logged in!

Compare scores with friends on all Sporcle quizzes.
OR
Log In

You Might Also Like...

Show Comments

Extras

Top Quizzes Today


Score Distribution

Your Account Isn't Verified!

In order to create a playlist on Sporcle, you need to verify the email address you used during registration. Go to your Sporcle Settings to finish the process.

Report this User

Report this user for behavior that violates our Community Guidelines.

Details: